Jordaan & Stelzner labour arbitration : with a commentary on the CCMA rules (Record no. 145034)

MARC details
000 -LEADER
fixed length control field 00339nam a2200097Ia 4500
082 ## - DEWEY DECIMAL CLASSIFICATION NUMBER
Classification number 344.680181914 JORD
008 - FIXED-LENGTH DATA ELEMENTS--GENERAL INFORMATION
fixed length control field 210817s9999 xx 000 0 und d
100 ## - MAIN ENTRY--PERSONAL NAME
Personal name JORDAAN, Barney Cape Town, South Africa, 2011 2nd ed
9 (RLIN) 34086
245 #0 - TITLE STATEMENT
Title Jordaan & Stelzner labour arbitration : with a commentary on the CCMA rules
942 ## - ADDED ENTRY ELEMENTS
item type Books
Holdings
Withdrawn status Lost status Damaged status Not for loan Home library Current library Date acquired Cost, normal purchase price Total Checkouts Barcode Date last seen Price effective from item type
        Siyathuthuka PL (MMID-PLEMA-SIYA) Siyathuthuka PL (MMID-PLEMA-SIYA) 18.08.2021 47.99   3322810019250 18.08.2021 18.08.2021 Books